Địa lí Đông Nam Á Những vấn đề kinh tế - xã hội
vv
Đã lưu trong:
| Tác giả chính: | |
|---|---|
| Định dạng: | Sách |
| Năm xuất bản: |
H.
Giáo dục
2000
|
| Phiên bản: | Tái bản lần 3 |
| Chủ đề: | |
| Tags: |
Thêm thẻ
Không có thẻ, Hãy là người đầu tiên gắn thẻ bản ghi này!
|
| LEADER | 01179nam a2200205 4500 | ||
|---|---|---|---|
| 082 | |a 915.9 |b PH105H | ||
| 100 | |a Phan Huy Xu | ||
| 245 | |a Địa lí Đông Nam Á |c Phan Huy Xu, Mai Phú Thanh |b Những vấn đề kinh tế - xã hội | ||
| 250 | |a Tái bản lần 3 | ||
| 260 | |a H. |b Giáo dục |c 2000 | ||
| 300 | |a 240tr. | ||
| 520 | |a vv | ||
| 653 | |a Địa lí | ||
| 653 | |a Đông Nam Á | ||
| 942 | |2 ddc |c STK0 | ||
| 999 | |c 1393 |d 1393 | ||
| 952 | |0 0 |1 0 |2 ddc |4 0 |6 915_900000000000000_PH105H |7 1 |8 900 |9 25364 |a qbu |b qbu |c D5 |d 2014-12-08 |g 12600 |o 915.9 PH105H |p 4508.C1 |r 0000-00-00 |w 2014-12-08 |y STK0 |0 0 |6 915_900000000000000_PH105H | ||
| 952 | |0 0 |1 0 |2 ddc |4 0 |6 915_900000000000000_PH105H |7 0 |8 900 |9 25365 |a qbu |b qbu |c D5 |d 2014-12-08 |g 12600 |o 915.9 PH105H |p 4508.C2 |r 0000-00-00 |w 2014-12-08 |y STK0 |0 0 |6 915_900000000000000_PH105H | ||
| 952 | |0 0 |1 0 |2 ddc |4 0 |6 915_900000000000000_PH105H |7 0 |8 900 |9 25366 |a qbu |b qbu |c D5 |d 2014-12-08 |g 12600 |o 915.9 PH105H |p 4508.C3 |r 0000-00-00 |w 2014-12-08 |y STK0 |0 0 |6 915_900000000000000_PH105H | ||
| 952 | |0 0 |1 0 |2 ddc |4 0 |6 915_900000000000000_PH105H |7 0 |8 900 |9 25367 |a qbu |b qbu |c D5 |d 2014-12-08 |g 12600 |o 915.9 PH105H |p 4508.C4 |r 0000-00-00 |w 2014-12-08 |y STK0 |0 0 |6 915_900000000000000_PH105H | ||